[Event "FRA-ch U10"]
[Site "Hyeres"]
[Date "2002.??.??"]
[Round "3.8"]
[White "Doare, Clet"]
[Black "Peiffer Smadja, Amiel"]
[Result "0-1"]
[WhiteElo "1640"]
[BlackElo "1260"]
[PlyCount "44"]
[EventDate "2002.04.05"]
[EventType "swiss"]
[EventRounds "9"]
[EventCountry "FRA"]
[SourceTitle "EXT 2003"]
[Source "ChessBase"]
[SourceDate "2002.11.25"]
[SourceVersion "1"]
[SourceVersionDate "2002.11.25"]
[SourceQuality "1"]

1. e4 d5 2. exd5 Qxd5 3. Nc3 Qa5 4. d3 Nf6 5. Bd2 c6 6. Ne4 Qb6 7. Nxf6+ exf6 8. b3 Bc5 9. Qe2+ Be6 10. Be3 Qa5+ 11. Qd2 Bb4 12. Qxb4 Qxb4+ 13. Bd2 Qc5 14. Be2 0-0 15. Rc1 Qa3 16. Kd1 Qxa2 17. Bc3 Qa3 18. Ra1 Qc5 19. Be1 Na6 20. Nf3 Nb4 21. Bxb4 Qxb4 22. Re1 Bg4 0-1